| 000 | 01424nam a22003737a 4500 | ||
|---|---|---|---|
| 003 | CHAP | ||
| 005 | 20220329143112.0 | ||
| 008 | 060328d2005 mx r 00110 spa d | ||
| 010 | _a91953 | ||
| 011 | _a92925 | ||
| 035 | _a103492 | ||
| 040 | _cCHAP | ||
| 090 | _aTesis | ||
| 100 | 0 | 0 |
_aHernández Alvarez, Octavio César. _953795 |
| 245 | 1 | 0 |
_aComparación entre análisis univariados y multivariados en la evaluación genética de variables de crecimiento para poblaciones bovinas mexicanas _c/por Octavio César Hernández Alvarez |
| 260 |
_aChapingo, Méx. : _bEl autor, _c2005. |
||
| 300 |
_a55 h. : _bcuadros |
||
| 502 | _aTesis (MC. en Producción Animal) -- UACH. Departamento de Zootecnia | ||
| 590 |
_aALEPH _b10 _c20130110 _lUCH01 _h1510 |
||
| 590 |
_aBATCH-UPD _b10 _c20130110 _lUCH01 _h0522 |
||
| 590 |
_aBATCH-UPD _b10 _c20130410 _lUCH01 _h0201 |
||
| 590 |
_aBATCH-UPD _b10 _c20130410 _lUCH01 _h1608 |
||
| 590 |
_aBATCH-UPD _b10 _c20130914 _lUCH01 _h0350 |
||
| 590 |
_aBATCH-UPD _b10 _c20130914 _lUCH01 _h2122 |
||
| 590 |
_aCONVERSION _b10 _c20130109 _lUCH01 _h1351 |
||
| 650 | 1 | 4 |
_aAnálisis multivariado. _95990 |
| 650 | 1 | 4 |
_aGanado de carne _xMéxico. _945097 |
| 650 | 1 | 4 |
_aGanado vacuno _xGenética. _945470 |
| 901 | _aBK | ||
| 905 | _aElisama A. H. | ||
| 942 | _cFOLL | ||
| 949 |
_aTesis _bBC _cTES _d00000000103492 _eTS1 _h44852 _i103492 _sb |
||
| 949 |
_aTesis _bBC _cTES _d33724000969630 _eTS2 _fc.2 _h44853 _i103492 _sb |
||
| 999 |
_c91953 _d91953 |
||